<?xml version="1.0" encoding="UTF-8"?><?xml-stylesheet type="text/xsl" href="static/style.xsl"?><OAI-PMH xmlns="http://www.openarchives.org/OAI/2.0/" xmlns:xsi="http://www.w3.org/2001/XMLSchema-instance" xsi:schemaLocation="http://www.openarchives.org/OAI/2.0/ http://www.openarchives.org/OAI/2.0/OAI-PMH.xsd"><responseDate>2026-04-28T21:14:33Z</responseDate><request verb="GetRecord" identifier="oai:uvadoc.uva.es:10324/3992" metadataPrefix="marc">https://uvadoc.uva.es/oai/request</request><GetRecord><record><header><identifier>oai:uvadoc.uva.es:10324/3992</identifier><datestamp>2021-06-29T09:39:35Z</datestamp><setSpec>com_10324_38</setSpec><setSpec>col_10324_852</setSpec></header><metadata><record xmlns="http://www.loc.gov/MARC21/slim" xmlns:doc="http://www.lyncode.com/xoai" xmlns:xsi="http://www.w3.org/2001/XMLSchema-instance" xmlns:dcterms="http://purl.org/dc/terms/" xsi:schemaLocation="http://www.loc.gov/MARC21/slim http://www.loc.gov/standards/marcxml/schema/MARC21slim.xsd">
<leader>00925njm 22002777a 4500</leader>
<datafield tag="042" ind1=" " ind2=" ">
<subfield code="a">dc</subfield>
</datafield>
<datafield tag="720" ind1=" " ind2=" ">
<subfield code="a">Rabadán Tejera, Marta</subfield>
<subfield code="e">author</subfield>
</datafield>
<datafield tag="260" ind1=" " ind2=" ">
<subfield code="c">2013</subfield>
</datafield>
<datafield tag="520" ind1=" " ind2=" ">
<subfield code="a">La enseñanza de la geometría en Educación infantil es de vital importancia ya que permite a los niños de esta etapa comprender mejor el espacio que les rodea y construir un pensamiento espacial que les permita hacer frente a los constantes retos que se les presentan en su vida cotidiana.&#xd;
Trabajar la geometría y el espacio a través de la expresión artística y corporal hace que los niños participen de manera activa en su proceso de aprendizaje, siendo protagonistas del mismo y obteniendo aprendizajes más significativos.&#xd;
Tras realizar un análisis sobre la didáctica de las matemáticas en Educación Infantil y más concretamente del aprendizaje de la geometría; procederé a la exposición de una propuesta de actividades prácticas sobre el tema, relacionadas con las áreas de expresión que servirán como recursos que puede emplear cualquier docente durante su labor educativa.</subfield>
</datafield>
<datafield tag="024" ind2=" " ind1="8">
<subfield code="a">http://uvadoc.uva.es/handle/10324/3992</subfield>
</datafield>
<datafield ind1=" " ind2=" " tag="653">
<subfield code="a">Geometría - Estudio y enseñanza (Infantil)</subfield>
</datafield>
<datafield tag="245" ind1="0" ind2="0">
<subfield code="a">Didáctica de la geometría en Educación Infantil a través de las áreas de expresión</subfield>
</datafield>
</record></metadata></record></GetRecord></OAI-PMH>